A Bit Challenging Anime Movie Quiz Stats

 Plays Quiz not verified by Sporcle

Score 0/35 Timer 20:00
0 Plays Today
% Correct
Bakemono no Ko
92.5%
Hal
79.2%
Momo e no Tegami
76.4%
Colorful
64.2%
Metropolis
64.2%
Steamboy
62.3%
Yoake Tsugeru Lu no Uta
57.5%
Majo no Takkyuubin
54.7%
Omoide Poroporo
45.3%
Hoshi wo Ou Kodomo
44.3%
Mimi wo Sumaseba
43.4%
Heisei Tanuki Gassen Ponpoko
37.7%
Hirune Hime: Shiranai Watashi no Monogatari
36.8%
Hana to Alice: Satsujin Jiken
33%
Ibara no Ou
33%
Tenkuu no Shiro Laputa
32.1%
Kaguya-hime no Monogatari
25.5%
Karigurashi no Arrietty
25.5%
% Correct
Coquelicot-zaka Kara
24.5%
Gedo Senki
24.5%
Paprika
24.5%
Kimi no Koe wo Todoketai
23.6%
Kono Sekai no Katasumi ni
21.7%
Neko no Ongaeshi
15.1%
Toki wo Kakeru Shoujo
15.1%
Sennen Joyuu
14.2%
Uchuu Show e Youkoso
14.2%
Stranger: Mukou Hadan
13.2%
Giovanni no Shima
12.3%
Nerawareta Gakuen
12.3%
Kaze Tachinu
9.4%
Hotarubi no Mori e
7.5%
Tonari no Yamada-kun
7.5%
Tokyo Godfathers
6.6%
Harmony
4.7%

You're not logged in!

Compare scores with friends on all Sporcle quizzes.
OR
Log In

Show Comments

Extras

Created May 16, 2019ReportNominate

Top Quizzes Today


Score Distribution

Your Account Isn't Verified!

In order to create a playlist on Sporcle, you need to verify the email address you used during registration. Go to your Sporcle Settings to finish the process.

Report this User

Report this user for behavior that violates our Community Guidelines.

Details: